El Alcoholismo en el área programática del cantón de Santa Cruz

Gespeichert in:
Bibliographische Detailangaben
Körperschaft: Instituto Nacional sobre Alcoholismo. Departamento de Investigación (Costa Rica)
Format: Text
Veröffentlicht: San José: El Instituto
Tags: Tag hinzufügen
Keine Tags, Fügen Sie den ersten Tag hinzu!

MARC

LEADER 00000 a a2200000 04500
001 15096
003
040
090 |a 028400  
110 |a Instituto Nacional sobre Alcoholismo. Departamento de Investigación (Costa Rica)  
245 |a El Alcoholismo en el área programática del cantón de Santa Cruz  
260 |a San José:   |b El Instituto  
300 |a 60 p.  
999 |c 16080  |d 16080